000 01109nam a2200313 i 4500
003 EG-GICUC
005 20260507214148.0
008 260507s1956 fr ||||fr|||| 00| 0 fre d
040 _aEG-GiCUC
_bfre
_cEG-GiCUC
_dEG-GiCUC
_eRda
041 _afre
082 0 4 _221
_a345.43
_bVO.T
092 0 4 _221
099 _aLaw1 07 345.43 VO.T 1956
100 1 _a Vossesmal , Gabrielle
_eAuteur
245 _aTravail Professionnel Et Charges Familiales De La Femme Ouvrière :
_bEnquête Dans L'Agglomération Namuroise /
_cGabrielle Vossesmal .
264 _aParis :
_bFACULTÉ DE DROIT DE LIÈGE ,
_c1956 .
300 _a234 page ;
_c 24 cm.
336 _2rda contenu
_a texte
337 _2rda medias
_aOrdinateur
338 _2 transporteur rda
_a Ressource en ligne
490 _aCOLLECTION SCIENTIFIQUE DE LA FACULTÉ DE DROIT DE L'UNIVERSITÉ DE LIÈGE
_vNo.2
546 _aTexte en français
650 1 _aDroit administratif
650 1 _aDroits des fonctionnaires
651 1 _2qrmak
856 4 0 _uhttps://fll.law.cu.edu.eg/fulltext/bks/B07-05717.pdf
905 _a60
942 _2ddc
_cBK
_e21
_n0
999 _c76233
_d76233